An introduction to systems biology : design principles of biological circuits /

Guardado en:
Autor Principal: Alon, Uri, 1969-
Formato: Libro
Idioma:English
Publicado: Boca Raton, FL : Chapman & Hall/CRC, c2007.
Series:Chapman and Hall/CRC mathematical & computational biology series ; 10.
Materias:
Acceso en línea:Descripción
Etiquetas: Agregar Etiqueta
Sin Etiquetas, Sea el primero en etiquetar este registro!
LEADER 01127cam a22002535a 4500
001 EIQ.libpla002366
008 051103s2007####fluaf####b####001#0#eng#d
005 20070706175409.0
245 1 3 |a An introduction to systems biology :  |b design principles of biological circuits /  |c Uri Alon. 
260 |a Boca Raton, FL :  |b Chapman & Hall/CRC,  |c c2007. 
300 |a xvi, 301 p., [4] p. de láms :  |b il. (algunas col.) ;  |c 26 cm. 
490 1 |a Chapman & Hall/CRC mathematical and computational biology series ;  |v 10 
504 |a Incluye referencias bibliográficas (p. 271-293) e índice. 
020 |a 1584886420 
100 1 |a Alon, Uri,  |d 1969- 
830 0 |a Chapman and Hall/CRC mathematical & computational biology series ;  |v 10. 
082 0 0 |a 570.285  |2 22 
650 4 |a Sistemas biológicos  |x Modelos matemáticos. 
650 0 |a Biological systems  |x Mathematical models. 
010 |a  2005056902 
016 7 |a 013380737  |2 Uk 
040 |a DLC  |c DLC  |d BAKER  |d UKM  |d C#P  |d YDXCP  |d OCLCQ  |d DLC  |d AR-BbSID 
856 4 2 |3 Descripción  |u http://www.loc.gov/catdir/enhancements/fy0654/2005056902-d.html 
859 |a AR-BbSID  |b BIB. PLAPIQUI  |h 570.285  |i Al 62  |p 5976